World City Breakdown Puzzle #1 - Statistics

General Stats
  • This quiz has been taken 199 times
  • The average score is 16 of 30
Answer Stats
Clue City % Correct
Almonds, pecans, e.g. NUTS
93%
Francisco prefix, e.g. SAN
91%
MLK, Jr: "I have a ____" DREAM
88%
__ Paso, Texas EL
88%
Person aged 13 to 17 TEEN
86%
1, 8, 10, etc. NUMBER
80%
One of the five senses TASTE
79%
__ and behold! LO
77%
Opposite of need WANT
75%
Converse; chatter TALK
73%
Most common word THE
73%
Cereal: Lucky _____ CHARMS
71%
Russian writer Tolstoy LEO
69%
A horse's jog? TROT
61%
Combination, for short COMBO
60%
COLOMBO
49%
ATHENS
48%
Jail release bribery? BAIL
48%
Descends under water SINKS
47%
Detective's exclamation? AHA
41%
Bushy, leaf-filled tree OAK
34%
ROTTERDAM
32%
ISTANBUL
29%
SEATTLE
29%
KINSHASA
25%
KOLKATA
25%
MANCHESTER
24%
Deal successfully with COPE
18%
MELBOURNE
16%
CAPE TOWN
14%
No matching quizzes found
Score Distribution
Percent of People with Each Score
Percentile by Number Answered
Your Score History
You have not taken this quiz